Mentalnosc ekonomiczna mieszkanców wsi studium na przykladzie wybranych kategorii spolecznych

Gespeichert in:
Bibliographische Detailangaben
1. Verfasser: Krzyminiewska, Grazyna
Format: Buch
Sprache:Polnisch
Veröffentlicht: Poznan Wydawnictwo Akademii Ekonomicznej w Poznaniu 2000
Schriftenreihe:Zeszyty naukowe-Seria 2 Prace habilitacyjne. Zeszyt 158
Schlagworte:
Tags: Tag hinzufügen
Keine Tags, Fügen Sie das erste Tag hinzu!

MARC

LEADER 00000nam a2200000 4500
001 c123798
005 20221221084455.1
020 |a 83-88222-15-5 
022 |a 1230-6673 
041 0 |a pol 
044 |a PL 
245 1 0 |a Mentalnosc ekonomiczna mieszkanców wsi  |b studium na przykladzie wybranych kategorii spolecznych  |c Grazyna Krzyminiewska 
264 1 |a Poznan  |b Wydawnictwo Akademii Ekonomicznej w Poznaniu  |c 2000 
300 |a 173 s. 
490 1 |a Zeszyty naukowe-Seria 2  |v Prace habilitacyjne. Zeszyt 158 
830 0 |a Zeszyty naukowe-Seria 2  |v Prace habilitacyjne. Zeszyt 158 
610 2 0 |a obce 
610 2 0 |a myslenie ekonomické 
610 2 0 |a obyvateľstvo 
610 2 0 |a štúdie 
610 2 0 |a kategórie sociologické 
610 2 0 |a hospodárstvo trhové 
610 2 0 |a poľnohospodárstvo 
610 2 0 |a výskum 
610 2 0 |a práca 
610 2 0 |a spotreba 
610 2 0 |a populácia 
610 2 0 |a podnikatelia 
610 2 0 |a Poľsko 
100 1 |a Krzyminiewska, Grazyna